Plaidoyers politiques
Furkejuvvon:
| Váldodahkki: | |
|---|---|
| Materiálatiipa: | Girji |
| Giella: | fránskkagiella greikkagiella (1453-) |
| Almmustuhtton: |
París
Les Belles Lettres
1968
|
| Preanttus: | 2a. ed |
| Ráidu: | Collection des Universités de France
|
| Fáttát: | |
| Fáddágilkorat: |
Lasit fáddágilkoriid
Eai fáddágilkorat, Lasit vuosttaš fáddágilkora!
|
MARC
| LEADER | 00000nam a2200000 a 4500 | ||
|---|---|---|---|
| 001 | UCM7030 | ||
| 003 | CL-VaPUC | ||
| 008 | 021129e19680000FR |||||||||||||||||fre|d | ||
| 041 | 0 | 7 | |a fre |2 CL-VaPUC |
| 041 | 0 | 7 | |a gre |2 CL-VaPUC |
| 082 | 0 | 4 | |a 885 |b DEM |2 21 |
| 100 | 0 | |a Demóstenes |e author |9 265026 | |
| 245 | 1 | 0 | |a Plaidoyers politiques |
| 250 | |a 2a. ed | ||
| 300 | |a v | ||
| 942 | |c BK | ||
| 945 | |d 20021129 00:00:00 |a cmena | ||
| 260 | |a París |b Les Belles Lettres |c 1968 | ||
| 500 | |a v.1: Contre Androtion - Contre la loi de Leptine - Contre Timocrate | ||
| 650 | 0 | |a Discursos griegos |9 318236 | |
| 650 | 0 | |a Oratoria griega |9 265027 | |
| 650 | 7 | |a LITERATURA GRIEGA |2 CL-VaPUC |9 258054 | |
| 583 | |a last modification |c 20021129 00:00:00 |k Rodrigo Vera | ||
| 490 | 0 | |a Collection des Universités de France | |
| 999 | |c 302065 |d 302063 | ||
| 952 | |0 0 |1 0 |4 0 |6 885_000000000000000_DEM_1968 |7 0 |8 DER_ROM |9 362079 |a BIBDER |b BIBDER |d 2019-11-21 |h v.1 |i 3863298 |o 885 DEM 1968 |p 3863298 |r 2023-01-25 |w 2019-11-21 |x Ubicación 4to piso |y BK |z Este recurso debe solicitarse con anticipación |k DER | ||